[Event "FRA-ch U20 Girls"]
[Site "Hyeres"]
[Date "2019.04.15"]
[Round "3"]
[White "Sonet, Sandy"]
[Black "Ranguin, Anna"]
[Result "1-0"]
[WhiteElo "1616"]
[BlackElo "1539"]
[PlyCount "101"]
[EventDate "2019.04.14"]
[EventType "swiss"]
[EventRounds "9"]
[EventCountry "FRA"]
[SourceTitle "CBM 190 Extra"]
[Source "ChessBase"]
[SourceDate "2019.07.15"]
[SourceVersion "1"]
[SourceVersionDate "2019.07.15"]
[SourceQuality "1"]

1. d4 d5 2. c4 c6 3. Nf3 Nf6 4. Qc2 g6 5. e3 Bf5 6. Qb3 Qc7 7. cxd5 cxd5 8. Nc3 e6 9. Bd2 Nbd7 10. Rc1 Qb6 11. Nb5 Rb8 12. Qa4 Bd6 13. Ba5 Qa6 14. Nc7+ Bxc7 15. Bxa6 Bxa5+ 16. Qxa5 bxa6 17. Qxa6 0-0 18. 0-0 Rxb2 19. Rc8 Rxc8 20. Qxc8+ Kg7 21. Qa6 Nb6 22. Qxa7 Nc4 23. Ng5 Nd6 24. a4 h6 25. Nf3 Ra2 26. a5 Bd3 27. Rc1 Nfe4 28. Ne5 Bb5 29. f3 Nd2 30. Qc5 Nb3 31. Qxd6 Nxc1 32. h4 Nd3 33. Qe7 Nxe5 34. dxe5 Bc4 35. Qf6+ Kg8 36. h5 gxh5 37. Qxh6 Bd3 38. Qxh5 Rxa5 39. Qg5+ Kh7 40. Qh4+ Kg7 41. Qf6+ Kh7 42. Qxf7+ Kh8 43. Qxe6 Ra1+ 44. Kf2 Bc4 45. Qf6+ Kg8 46. e6 Ra6 47. Qf7+ Kh8 48. e7 Bb5 49. e8Q+ Bxe8 50. Qxe8+ Kg7 51. Qd7+ 1-0

[Event "FRA-ch U14 Girls"]
[Site "Saint Paul Trois Chateaux"]
[Date "2013.05.04"]
[Round "7"]
[White "Hug, Roxana"]
[Black "Sonet, Sandy"]
[Result "1-0"]
[WhiteElo "1583"]
[BlackElo "1440"]
[PlyCount "113"]
[EventDate "2013.04.28"]
[EventType "swiss"]
[EventRounds "9"]
[EventCountry "FRA"]
[SourceTitle "CBM 154 Extra"]
[Source "ChessBase"]
[SourceDate "2013.06.25"]
[SourceVersion "2"]
[SourceVersionDate "2013.06.25"]
[SourceQuality "1"]

1. e4 e5 2. Nf3 Nc6 3. Bb5 a6 4. Ba4 Nf6 5. 0-0 Bc5 6. c3 b5 7. Bc2 d6 8. h3 0-0 9. d4 Bb6 10. Bg5 Bb7 11. Re1 Re8 12. Bb3 h6 13. Bh4 Na5 14. d5 Nxb3 15. Qxb3 c6 16. dxc6 Bxc6 17. Nbd2 d5 18. Qc2 Qd6 19. exd5 Bxd5 20. Bg3 Nd7 21. Rad1 Qc6 22. Bxe5 Nxe5 23. Rxe5 Rxe5 24. Nxe5 Qf6 25. Ndf3 Rd8 26. Ng4 Qc6 27. Nd4 Qb7 28. f3 Re8 29. a3 Bc4 30. Kh1 Qd5 31. b3 Bxd4 32. bxc4 Qxc4 33. Rxd4 Re1+ 34. Kh2 Qc7+ 35. g3 Qe7 36. Rd2 Kf8 37. Nf2 Re3 38. Qd1 g6 39. Rd8+ Kg7 40. Qd4+ Qe5 41. Qxe5+ Rxe5 42. Ra8 Re3 43. Kg2 Rxc3 44. Rxa6 Rb3 45. g4 b4 46. axb4 Rxb4 47. Kg3 Rb5 48. Ne4 h5 49. Ra7 hxg4 50. hxg4 Kf8 51. Nd6 Rb3 52. Nxf7 Kg7 53. Ne5+ Kf6 54. Nd7+ Kg5 55. Ra5+ Kh6 56. g5+ Kh5 57. Nf6# 1-0